Manual de planificación y programación para obras públicas y construcción: camino crítico Pert-C.P.M
Gorde:
| Egile nagusia: | |
|---|---|
| Formatua: | Liburua |
| Hizkuntza: | gaztelania |
| Argitaratua: |
Madrid
Rueda
1983
|
| Gaiak: | |
| Etiketak: |
Etiketa erantsi
Etiketarik gabe, Izan zaitez lehena erregistro honi etiketa jartzen!
|
MARC
| LEADER | 00000nam a2200000 a 4500 | ||
|---|---|---|---|
| 001 | UCG0658 | ||
| 003 | CL-VaPUC | ||
| 008 | 100401e19830000SP |||||||||||||||||spa|d | ||
| 020 | |a 847207031Xv.1 | ||
| 082 | 0 | 4 | |a 624.1 |b BEN |2 21 |
| 100 | 0 | |a Bendicho Jóven, José Pascual |e author |9 548130 | |
| 245 | 1 | 0 | |a Manual de planificación y programación para obras públicas y construcción: camino crítico Pert-C.P.M |
| 300 | |a v | ||
| 942 | |c BK | ||
| 945 | |d 20100401 00:00:00 |a rbrito | ||
| 260 | |a Madrid |b Rueda |c 1983 | ||
| 500 | |a v.1: Planificación y costos | ||
| 650 | 0 | |a Construcción |9 260195 | |
| 650 | 7 | |a PLANIFICACION DE PROYECTOS |2 CL-VaPUC |9 364615 | |
| 650 | 0 | |a Análisis de costos |9 315627 | |
| 650 | 7 | |a MAQUINARIAS |2 CL-VaPUC |9 402997 | |
| 650 | 0 | |a Análisis económico |9 259939 | |
| 583 | |a last modification |c 20130325 06:24:37 |k Rodrigo Vera | ||
| 999 | |c 340217 |d 340215 | ||
| 952 | |0 0 |1 0 |4 0 |6 624_100000000000000_BEN_1983 |7 0 |8 A |9 434768 |a BIBING |b BIBING |d 2019-11-22 |h v.1 |i 4655842 |o 624.1 BEN 1983 |p 4655842 |r 2025-01-20 |w 2019-11-22 |y BK |k CCL | ||